=LDR 00000nam 2200000 4500 =001 INLIS000000000036234 =005 20250429093357 =035 ##$$a 0010-061300000036234 =008 250429###########################0#ind## =041 ##$$a Ind =082 ##$$a 028.5 =090 ##$$a 028.5, Kar h =100 ##$$a Kanopi-X =245 1#$$a happy ensiklopedi : $b Tubuh manusia 1, /$c X-Kanopi =260 ##$$a Jakarta :$b Elex Media Komputindo,$c [S.a] =300 ##$$a 93 hlm, ilus, [s.a] : $b ilus =650 #4$$a Bacaan kanak-kanak =850 ##$$a NBPNMAT =084 ##$$a 028.5 KAN h =990 ##$$a 92768/BPAP-NTB/2014 =990 ##$$a 92771/BPAP-NTB/2014 =990 ##$$a 94231/BPAP-NTB/2014 =990 ##$$a 0001/BPAP-NTB/20142015 =990 ##$$a 0001/BPAP-NTB/20142015 =990 ##$$a 21603097/BPAP-NTB/2017